Представление документа в формате MARC21

Поле Инд. ПП Название Значение
Тип записи a
Библиографический уровень b
001 Контрольный номер RU/IS/BASE/288972794
005 Дата корректировки 20251107113237.6
008 Кодируемые данные 20090226
040 b Код языка каталог. rus
e Правила каталог. PSBO
041 0_ a Код языка текста rus
084 a Индекс другой классификации/Индекс ББК 60.562.1; 60.523
100 1_ a Автор Шеметова Е. П.
q Полное имя Шеметова Елена Петровна
245 10 a Заглавие Книгоиздание в контексте теории социокультурных взаимодействий
504 a Библиография Библиогр. ссылки. - Примеч.
650 14 a Основная рубрика социология
a Основная рубрика социология культуры
a Основная рубрика социология чтения
653 0_ a Ключевые слова интеракция
a Ключевые слова книгоиздание
a Ключевые слова коммуникации
a Ключевые слова культура
a Ключевые слова социальное действие
a Ключевые слова социальный медиум
a Ключевые слова социокультурная коммуникация
a Ключевые слова социокультурное взаимодействие
a Ключевые слова традиции
a Ключевые слова человеческие взаимодействия
773 08 t Заглавие источника Вестник Московского университета. Серия 18, Социология и политология
d Дата издания источника 2008
g Прочая информация № 2. - С. 84 - 96
w Контрольный № источника RU/IS/BASE/286474427
901 t Тип документа b